Scope of happiness: A personal memoir (Record no. 34083)

MARC details
000 -LEADER
fixed length control field 00291nam a2200109Ia 4500
082 ## - DEWEY DECIMAL CLASSIFICATION NUMBER
Classification number 929A/Z(VIJ)
Item number VIJ
100 ## - MAIN ENTRY--AUTHOR NAME
Personal name Vijaya Lakshmi Pandit
245 #0 - TITLE STATEMENT
Title Scope of happiness: A personal memoir
260 ## - PUBLICATION, DISTRIBUTION, ETC. (IMPRINT)
Place of publication New Delhi
Name of publisher Vikas
Year of publication 1979
942 ## - ADDED ENTRY ELEMENTS (KOHA)
Koha item type Books
Holdings
Withdrawn status Lost status Damaged status Not for loan Home library Current library Date acquired Cost, normal purchase price Full call number Accession Number Koha item type
        RRII Library RRII Library 16/12/2021 125.00 929A/Z(VIJ) VIJ 14523 Books